000 00683nam a22001937a 4500
005 20240417143415.0
008 130821s1921 gw gr lat
040 _aCo-BoUCM
_bspa
_cDavid Moreno (modificó)
_dDavid Moreno (modificó)
041 0 0 _alat
110 _aIglesia Católica
_93579
245 1 0 _aMissae defunctorum, exmissali romano desumptae accedit ritus absolutionis pro defunctis
_cIglesia Católica
260 _aRatisbona
_bTypis Friderici Pustet
_c1921
300 _a48 Páginas
500 _aIncluye índice
650 0 4 _aLiturgia
_918768
650 0 4 _aOficio divino
_920713
942 _cLIBRO
_a4
_e1
_mI45mi
_n0
_2DEWEY
_h264
999 _c85859
_d85859